Delitos contra el medio ambiente y principios penales: una relectura constitucionalmente orientada de los modelos de incriminación actuales
שמור ב:
| מחבר ראשי: | |
|---|---|
| פורמט: | ספר |
| שפה: | ספרדית |
| יצא לאור: |
Valencia
Tirant Lo Blanch
2017
|
| מהדורה: | 1a. ed |
| סדרה: | Delitos, 128
|
| נושאים: | |
| תגים: |
הוספת תג
אין תגיות, היה/י הראשונ/ה לתייג את הרשומה!
|
MARC
| LEADER | 00000cam a2200000 a 4500 | ||
|---|---|---|---|
| 001 | UCC7646 | ||
| 003 | CL-VaPUC | ||
| 008 | 190427e20170000sp |||||||||||||||||spa|d | ||
| 020 | |a 9788491437598 | ||
| 082 | 0 | 4 | |a 341.762 |b CAT |2 21 |
| 100 | 0 | |a Caterini, Mario |e author |9 602320 | |
| 245 | 1 | 0 | |a Delitos contra el medio ambiente y principios penales: una relectura constitucionalmente orientada de los modelos de incriminación actuales |
| 250 | |a 1a. ed | ||
| 300 | |a 132 p | ||
| 942 | |c BK | ||
| 945 | |d 20190427 02:22:00 |a dcastane | ||
| 260 | |a Valencia |b Tirant Lo Blanch |c 2017 | ||
| 650 | 0 | |a Derecho ambiental internacional |9 467416 | |
| 650 | 0 | |a Protección del medio ambiente |9 257626 | |
| 583 | |a last modification |c 20190427 02:22:00 |k Rodrigo Vera | ||
| 490 | 0 | |a Delitos, 128 | |
| 999 | |c 374239 |d 374237 | ||
| 952 | |0 0 |1 0 |3 erb |4 0 |6 341_762000000000000_CAT_2017 |7 0 |8 A |9 492728 |a BIBDER |b BIBDER |i 5544505 |o 341.762 CAT 2017 |p 5544505 |r 2023-01-25 |w 2019-11-24 |y BK |z Catalogado en:20190427 |k DER | ||